[Event "Amir Timur 680 Rapid 2016"]
[Site "Tashkent UZB"]
[Date "2016.10.18"]
[Round "3.1"]
[White "Ponomariov,R"]
[Black "Mamedyarov,S"]
[Result "1/2-1/2"]
[WhiteElo "2709"]
[BlackElo "2762"]

1.e4 e5 2.Nf3 Nc6 3.Bc4 Bc5 4.d3 Nf6 5.O-O d6 6.c3 h6 7.Nbd2 a6 8.Bb3 O-O
9.h3 Be6 10.Re1 Ba7 11.Nf1 Re8 12.Be3 Bxe3 13.Nxe3 d5 14.exd5 Nxd5 15.d4 Nxe3
16.fxe3 Bxb3 17.Qxb3 Qd6 18.Rad1 exd4 19.cxd4 Qb4 20.Qc2 Rad8 21.a3 Qb5 22.e4 Qb6
23.Qc3 Ne5 24.Nh4 Nc6 25.Nf3 Ne5 26.Nh4 Nc6 27.Nf3  1/2-1/2

[Event "Amir Timur 680 Rapid 2016"]
[Site "Tashkent UZB"]
[Date "2016.10.19"]
[Round "4.2"]
[White "Mamedyarov,S"]
[Black "Gelfand,B"]
[Result "1-0"]
[WhiteElo "2762"]
[BlackElo "2743"]

1.d4 Nf6 2.c4 e6 3.Nf3 d5 4.Nc3 c6 5.e3 Nbd7 6.Qc2 Bd6 7.Be2 O-O 8.O-O Re8
9.Rd1 Qe7 10.b3 b6 11.cxd5 exd5 12.Bb2 Bb7 13.Rac1 Rac8 14.Qf5 h6 15.Bd3 Ne4
16.Bxe4 dxe4 17.Nxe4 Qxe4 18.Qxd7 Qe7 19.Qxe7 Rxe7 20.Ne5 Ree8 21.Nc4 Bb8
22.Ba3 Rcd8 23.f3 f5 24.Kf2 g5 25.g3 Rd5 26.f4 Kf7 27.Rd2 Red8 28.Rdc2 Ke6
29.Ke1 gxf4 30.gxf4 Rg8 31.Kf1 Rd7 32.Bb2 c5 33.dxc5 bxc5 34.Be5 Bxe5 35.Nxe5 Ba6+
36.Ke1 Rg1+ 37.Kf2 Rxc1 38.Rxc1 Rd2+ 39.Kg3 Rxa2 40.Rxc5 Bb7 41.Rc7 Bd5 42.Rh7 Bxb3
43.Rxh6+ Kd5 44.h4 Ke4 45.h5 Bd1 46.Rh8 Re2 47.Nf3 Ba4 48.Rh7 Rb2 49.h6 Rb8
50.Rxa7 Bd1 51.Re7+ Kd3 52.Ne5+  1-0

[Event "Amir Timur 680 Rapid 2016"]
[Site "Tashkent UZB"]
[Date "2016.10.19"]
[Round "5.2"]
[White "Kasimdzhanov,R"]
[Black "Mamedyarov,S"]
[Result "1/2-1/2"]
[WhiteElo "2691"]
[BlackElo "2762"]

1.e4 e5 2.Nf3 Nc6 3.Bb5 a6 4.Ba4 Nf6 5.O-O Be7 6.d3 b5 7.Bb3 O-O 8.a4 Rb8
9.axb5 axb5 10.Nc3 d6 11.Nd5 Nxd5 12.Bxd5 Nb4 13.Bb3 c5 14.c3 Nc6 15.Bd5 Bd7
16.h3 Bf6 17.Nh2 Ne7  1/2-1/2

[Event "Amir Timur 680 Rapid 2016"]
[Site "Tashkent UZB"]
[Date "2016.10.19"]
[Round "6.1"]
[White "Mamedyarov,S"]
[Black "Ponomariov,R"]
[Result "1-0"]
[WhiteElo "2762"]
[BlackElo "2709"]

1.d4 d5 2.c4 e6 3.Nf3 b6 4.a3 Bb7 5.Nc3 Nf6 6.Bg5 Be7 7.Qa4+ Qd7 8.Qc2 dxc4
9.e3 Nd5 10.Bxe7 Qxe7 11.Bxc4 O-O 12.Nxd5 exd5 13.Bd3 h6 14.b4 c6 15.Ne5 a5
16.O-O Qd6 17.Rfc1 axb4 18.axb4 Rxa1 19.Rxa1 Nd7 20.Nxd7 Qxd7 21.Ra7 Rb8
22.h3 Qd6 23.Qa4 g6 24.Qc2 Kg7 25.Qc3 Bc8 26.b5 cxb5 27.Bxb5 Be6 28.Qc7 Qxc7
29.Rxc7 Ra8 30.Rb7 Ra1+ 31.Kh2 Rb1 32.Bc6 g5 33.g4 Kf6 34.e4 dxe4 35.d5 Rc1
36.Rxb6 Bc8 37.d6 Ke6 38.d7 Bxd7 39.Ba4+ Ke5 40.Bxd7 Rc2 41.Kg3 Rc3+ 42.Kg2 Rc2
43.Rb3 Kf4 44.Bf5 h5 45.Rb4 hxg4 46.hxg4 Re2 47.Kf1 Kf3  1-0

[Event "Amir Timur 680 Rapid 2016"]
[Site "Tashkent UZB"]
[Date "2016.10.20"]
[Round "7.2"]
[White "Gelfand,B"]
[Black "Mamedyarov,S"]
[Result "1/2-1/2"]
[WhiteElo "2743"]
[BlackElo "2762"]

1.d4 d5 2.c4 c6 3.Nf3 Nf6 4.e3 Bf5 5.Nc3 e6 6.Nh4 Be4 7.f3 Bg6 8.Qb3 Qc7
9.Bd2 Be7 10.Rc1 Ne4 11.Nxe4 Bxh4+ 12.Nf2 dxc4 13.Bxc4 Nd7 14.O-O O-O 15.e4 Rfd8
16.Be3 Be7 17.g3 Rac8 18.Be2 Qb6 19.Nd3 Qxb3 20.axb3 f6 21.b4 Bf7  1/2-1/2

[Event "Amir Timur 680 Rapid 2016"]
[Site "Tashkent UZB"]
[Date "2016.10.20"]
[Round "8.2"]
[White "Mamedyarov,S"]
[Black "Kasimdzhanov,R"]
[Result "1/2-1/2"]
[WhiteElo "2762"]
[BlackElo "2691"]

1.d4 d5 2.Nf3 Nf6 3.c4 dxc4 4.e3 e6 5.Bxc4 c5 6.O-O a6 7.dxc5 Bxc5 8.Qe2 Nc6
9.e4 b5 10.Bb3 Nd4 11.Nxd4 Qxd4 12.Be3 Qe5 13.Bxc5 Qxc5 14.e5 Nd7 15.Re1 Bb7
16.Nc3 O-O 17.Bc2 Rfd8 18.Rad1 Nf8 19.a3 Rac8 20.h4 b4 21.axb4 Qxb4 22.h5 h6
23.Ra1 Qf4 24.Ra4 Qd2 25.Be4 Bxe4 26.Nxe4 Qxe2 27.Rxe2 Rc6 28.f4 Rb8 29.Rd2 Rcb6
30.Nc5 Rxb2 31.Rxb2 Rxb2 32.Rxa6 Rb5 33.Rc6 Rb1+ 34.Kf2 Rc1 35.Rc8 f6 36.f5 Rc2+
37.Ke3 exf5 38.Kd3 Rc1 39.e6 Rxc5 40.Rxc5 Nxe6 41.Rxf5 Kf7 42.Ra5 Nf4+ 43.Ke4 Nxg2
44.Ra7+ Kg8 45.Rc7 Nh4 46.Kd5 Nf3 47.Ke6 Ng5+ 48.Ke7 Ne4 49.Ke6 Ng3 50.Rc5  1/2-1/2

[Event "Amir Timur 680 Rapid 2016"]
[Site "Tashkent UZB"]
[Date "2016.10.20"]
[Round "9.1"]
[White "Ponomariov,R"]
[Black "Mamedyarov,S"]
[Result "1/2-1/2"]
[WhiteElo "2709"]
[BlackElo "2762"]

1.d4 d5 2.c4 c6 3.Nf3 Nf6 4.Nc3 e6 5.Bg5 h6 6.Bh4 Nbd7 7.e3 Be7 8.Qc2 a6
9.a3 O-O 10.Rd1 b6 11.Be2 Bb7 12.O-O Rc8 13.Ne5 Nxe5 14.dxe5 Nd7 15.Bg3 b5  1/2-1/2

[Event "Amir Timur 680 Rapid 2016"]
[Site "Tashkent UZB"]
[Date "2016.10.21"]
[Round "10.1"]
[White "Mamedyarov,S"]
[Black "Gelfand,B"]
[Result "1/2-1/2"]
[WhiteElo "2762"]
[BlackElo "2743"]

1.d4 Nf6 2.c4 e6 3.Nf3 d5 4.Nc3 c6 5.e3 Nbd7 6.Bd3 dxc4 7.Bxc4 b5 8.Bd3 Bb7
9.a3 Bd6 10.O-O O-O 11.Qc2 Rc8 12.b4 a5 13.Rb1 c5 14.bxc5 Bxf3 15.gxf3 Nxc5
16.dxc5 Rxc5 17.Rxb5 Nd5 18.Rxc5 Qg5+ 19.Kh1 Qh5 20.f4 Qf3+ 21.Kg1 Qg4+ 22.Kh1 Qf3+
23.Kg1  1/2-1/2

[Event "Amir Timur 680 Rapid 2016"]
[Site "Tashkent UZB"]
[Date "2016.10.21"]
[Round "11.2"]
[White "Kasimdzhanov,R"]
[Black "Mamedyarov,S"]
[Result "1/2-1/2"]
[WhiteElo "2691"]
[BlackElo "2762"]

1.e4 e5 2.Nf3 Nc6 3.Bb5 a6 4.Ba4 Nf6 5.O-O Be7 6.Re1 d6 7.Bxc6+ bxc6 8.d4 exd4
9.Nxd4 Bd7 10.c4 O-O 11.Nc3 Re8 12.h3 c5 13.Nf5 Bxf5 14.exf5 Nd7  1/2-1/2

[Event "Amir Timur 680 Rapid 2016"]
[Site "Tashkent UZB"]
[Date "2016.10.21"]
[Round "12.1"]
[White "Mamedyarov,S"]
[Black "Ponomariov,R"]
[Result "1-0"]
[WhiteElo "2762"]
[BlackElo "2709"]

1.d4 Nf6 2.c4 e6 3.Nf3 b6 4.a3 Bb7 5.Nc3 d5 6.Bg5 Be7 7.Qa4+ c6 8.cxd5 Nxd5
9.Bxe7 Qxe7 10.Rc1 O-O 11.Nxd5 exd5 12.e3 c5 13.dxc5 bxc5 14.Qh4 Qxh4 15.Nxh4 c4
16.Be2 Nc6 17.O-O Rfd8 18.Rfd1 Kf8 19.Kf1 Rab8 20.Nf3 Bc8 21.Rd2 Be6 22.Bd1 Rb6
23.Ba4 Rdb8 24.Bxc6 Rxc6 25.b4 Ke7 26.Nd4 Rcb6 27.Ke1 R8b7 28.Rb2 Bd7 29.Kd2 Rh6
30.Rh1 Ra6 31.Ra1 Rh6 32.h3 Rg6 33.g3 Bxh3 34.Rh1 Bd7 35.b5 h6 36.Kc3 a6
37.a4 axb5 38.axb5 Rgb6 39.Rd1 Kd6 40.e4 Bxb5 41.Nf5+ Ke5 42.f4+ Kf6 43.Rxd5 Ba4
44.Rxb6+ Rxb6 45.Nd4 g6 46.e5+ Ke7 47.g4 Bd7 48.f5 gxf5 49.gxf5 h5 50.Ra5 Rb8
51.Kxc4 h4 52.Ra3 Rh8 53.f6+ Kd8 54.Kc5 Kc7 55.Ra7+ Kb8 56.Rxd7 h3 57.Nf3  1-0

[Event "32nd ECC Open 2016"]
[Site "Novi Sad SRB"]
[Date "2016.11.06"]
[Round "1.6"]
[White "Mamedyarov,S"]
[Black "Korsunsky,Y"]
[Result "1-0"]
[WhiteElo "2762"]
[BlackElo "2411"]

1.Nf3 d5 2.d4 e6 3.c4 c5 4.cxd5 exd5 5.Nc3 Nc6 6.Bg5 Be7 7.Bxe7 Ngxe7 8.dxc5 d4
9.Ne4 O-O 10.g3 Qd5 11.Ned2 Qxc5 12.Bg2 Be6 13.O-O Rfd8 14.Rc1 Qb6 15.b3 Qa5
16.Nc4 Bxc4 17.Rxc4 Qxa2 18.Nxd4 Nxd4 19.Rxd4 Rxd4 20.Qxd4 Qxb3 21.Qd7 Qb4
22.Bxb7 Rb8 23.Bf3 a5 24.Rc1 g6 25.Kg2 h5 26.Rc7 Kf8 27.h4 a4 28.Ra7 a3 29.Qd3 Re8
30.Rb7 Qc5 31.Rb5 Qa7 32.Qc3 Rc8 33.Qe5 Qc7 34.Qh8+ Ng8 35.Qa1 Qc3 36.Qa2 Ne7
37.Rb3 Qc5 38.Rxa3 Nf5 39.Ra5 Qc3 40.Bxh5 Nxh4+ 41.gxh4 gxh5 42.Rxh5 Qd4
43.Qa3+ Ke8 44.Qg3 Rc4 45.f3  1-0

[Event "32nd ECC Open 2016"]
[Site "Novi Sad SRB"]
[Date "2016.11.07"]
[Round "2.1"]
[White "Artemiev,V"]
[Black "Mamedyarov,S"]
[Result "0-1"]
[WhiteElo "2658"]
[BlackElo "2762"]

1.d4 Nf6 2.Nf3 g6 3.Bg5 Bg7 4.Nbd2 O-O 5.e3 d5 6.Be2 Nbd7 7.O-O Re8 8.c4 c5
9.cxd5 cxd4 10.e4 h6 11.Bh4 Nc5 12.Qc2 Ncxe4 13.Nxe4 Nxe4 14.Bb5 Bf5 15.Bxe8 Qxe8
16.Rfe1 Qd7 17.Rxe4 Qxd5 18.Rae1 Rc8 19.Qd3 Bxe4 20.Rxe4 e5 21.Re1 f5 22.Qb1 d3
23.Nd2 Rc2 24.Nf1 Qd4 25.Ne3 Rxb2 26.Qa1 f4 27.Ng4 h5 28.Nxe5 Bxe5 29.Qc1 d2
30.Qc8+ Kh7 31.Rd1 Rb1  0-1

[Event "32nd ECC Open 2016"]
[Site "Novi Sad SRB"]
[Date "2016.11.08"]
[Round "3.1"]
[White "Mamedyarov,S"]
[Black "Vachier Lagrave,M"]
[Result "1-0"]
[WhiteElo "2762"]
[BlackElo "2811"]

1.d4 Nf6 2.Nf3 g6 3.g3 Bg7 4.Bg2 d5 5.O-O O-O 6.c4 c6 7.Qb3 Qb6 8.Nc3 Rd8
9.Rd1 Bf5 10.Ne1 dxc4 11.Qxc4 Na6 12.e4 Be6 13.Qa4 Qb4 14.Nc2 Qxa4 15.Nxa4 Nd7
16.Bg5 Re8 17.b3 Nb6 18.Nxb6 axb6 19.Rac1 Nc7 20.d5 cxd5 21.exd5 Bg4 22.Re1 Nb5
23.h3 Bd7 24.a4 Nc3 25.Na3 Ra5 26.Bxe7 Nxd5 27.Bd6 Rxe1+ 28.Rxe1 Nf6 29.Nc4 Ra6
30.Bxb7 Ra7 31.Bg2 b5 32.Bc5 Ra6 33.Bb7 bxc4 34.Bxa6 cxb3 35.a5 Bf5 36.Bd4  1-0

[Event "32nd ECC Open 2016"]
[Site "Novi Sad SRB"]
[Date "2016.11.09"]
[Round "4.2"]
[White "Mamedyarov,S"]
[Black "Svidler,P"]
[Result "0-1"]
[WhiteElo "2762"]
[BlackElo "2742"]

1.d4 Nf6 2.Nf3 g6 3.Bg5 Bg7 4.Nbd2 c5 5.e3 cxd4 6.exd4 O-O 7.Bd3 Nc6 8.c3 d6
9.O-O Qc7 10.Re1 a6 11.a4 h6 12.Bxf6 Bxf6 13.Nc4 e5 14.dxe5 dxe5 15.Be4 Rd8
16.Qe2 Ne7 17.Bc2 Nc6 18.a5 Be6 19.Nfxe5 Nxe5 20.Nxe5 Re8 21.f4 Rad8 22.Qf2 Bg7
23.Re3 Bd5 24.Rae1 Re6 25.b4 Rde8 26.Qe2 h5 27.Qd3 Ba2 28.Ba4 R8e7 29.Bd1 Rd6
30.Qc2 Bd5 31.h4 Rde6 32.c4 Bxc4 33.Nxc4 Rxe3 34.Nxe3 Qxf4 35.Qf2 Qxb4 36.Kh1 Bd4
37.Bxh5 gxh5 38.Qg3+ Kh7 39.Nc2 Rxe1+ 40.Nxe1 Qxa5 41.Nf3 Be3 42.Qd6 Qf5
43.Qe7 Bf4 44.Qxb7 a5 45.Nd4 Qg6 46.Ne2 Bd6 47.g3 a4 48.Qd5 a3 49.Kg2 Kg8
50.Qa8+ Bf8 51.Nf4 Qc2+ 52.Kh3 a2 53.Nxh5 Qf5+ 54.Kg2 Qb1 55.Nf6+ Kg7 56.Nh5+ Kh7
57.Nf6+ Kg6 58.Qxf8 Qb2+ 59.Kh3 Qxf6 60.Qg8+ Qg7  0-1

[Event "32nd ECC Open 2016"]
[Site "Novi Sad SRB"]
[Date "2016.11.10"]
[Round "5.9"]
[White "Arnaudov,G"]
[Black "Mamedyarov,S"]
[Result "0-1"]
[WhiteElo "2471"]
[BlackElo "2762"]

1.Nf3 d5 2.d4 Nf6 3.c4 e6 4.e3 Bd6 5.b3 O-O 6.Bd3 dxc4 7.bxc4 c5 8.O-O Nc6
9.Bb2 b6 10.Nbd2 Bb7 11.Qe2 Qc7 12.d5 Ne5 13.Nxe5 Bxe5 14.Bxe5 Qxe5 15.f4 Qc7
16.e4 exd5 17.cxd5 Rfe8 18.Qf3 c4 19.Rac1 b5 20.Bb1 Rac8 21.Kh1 a5 22.a4 c3
23.Qd3 Qc5 24.Nb3 Qb4 25.e5 Nxd5 26.Qxh7+ Kf8 27.Qh8+ Ke7 28.Qh4+ Kd7 29.Bf5+ Kc7
30.Bxc8 Rxc8 31.Na1 Kb8 32.Nc2 Qxa4 33.Qg3 Qe4 34.f5 Ka8 35.e6 fxe6 36.fxe6 Qxe6
37.Ra1 a4 38.Nd4 Qd7 39.Qd3 Nb6 40.Rfd1 c2  0-1

[Event "32nd ECC Open 2016"]
[Site "Novi Sad SRB"]
[Date "2016.11.11"]
[Round "6.5"]
[White "Harikrishna,P"]
[Black "Mamedyarov,S"]
[Result "1/2-1/2"]
[WhiteElo "2768"]
[BlackElo "2762"]

1.e4 c5 2.Nf3 d6 3.d4 cxd4 4.Nxd4 Nf6 5.Nc3 a6 6.Be2 e5 7.Nb3 Be7 8.Bg5 Be6
9.Bxf6 Bxf6 10.Qd3 O-O 11.O-O Nc6 12.a3 Nd4 13.Nxd4 exd4 14.Nd5 Bxd5 15.exd5 Re8
16.Qf3 Re5 17.Bd3 g6 18.g3 Kg7 19.Kg2 h5 20.Rfe1 Qa5 21.b4 Qc7 22.h4 Rae8
23.Reb1 Qc3 24.a4 Re1 25.Rxe1 Rxe1 26.Rxe1 Qxe1 27.b5 a5 28.Qe2 Qxe2 29.Bxe2 Bd8
30.Bd3 f5 31.b6 Bxb6 32.f4 Bc5  1/2-1/2

[Event "32nd ECC Open 2016"]
[Site "Novi Sad SRB"]
[Date "2016.11.12"]
[Round "7.3"]
[White "Mamedov,Rau"]
[Black "Mamedyarov,S"]
[Result "1/2-1/2"]
[WhiteElo "2684"]
[BlackElo "2762"]

1.e4 e5 2.Nf3 Nf6 3.Nc3 Nc6 4.d4 exd4 5.Nxd4 Bb4 6.Nxc6 bxc6 7.Bd3 d5 8.exd5 Qe7+
9.Qe2 Qxe2+ 10.Kxe2 cxd5 11.a3 Bxc3 12.bxc3 O-O 13.Be3 Re8 14.Kd2 Ne4+ 15.Bxe4 Rxe4
16.Rab1 a6 17.Rb4 Bd7 18.Rhb1 Rxb4 19.Rxb4 Bb5 20.Bf4 c5 21.Rb1 Re8 22.Re1 Rxe1
23.Kxe1 f6 24.Bd6 Ba4 25.Bxc5 Bxc2 26.f3 Bb3 27.Kd2 Kf7 28.Ke3 Ke6 29.Bf8 Kf7
30.Bc5 Ke6 31.Bf8  1/2-1/2

[Event "2nd Bundesliga Sud 2016-17"]
[Site "Germany GER"]
[Date "2016.11.20"]
[Round "2.1"]
[White "Grischuk,A"]
[Black "Mamedyarov,S"]
[Result "1-0"]
[WhiteElo "2752"]
[BlackElo "2762"]

1.d4 Nf6 2.c4 e6 3.Nf3 b6 4.g3 Ba6 5.Qc2 c5 6.d5 exd5 7.cxd5 d6 8.Nc3 b5
9.e4 Qa5 10.b4 cxb4 11.Nxb5 Kd8 12.Nfd4 Bxb5 13.Bxb5 b3+ 14.Qd2 Qxd2+ 15.Bxd2 b2
16.Rb1 Nxe4 17.Ba5+ Kc8 18.Rxb2 a6 19.Be8 Nc5 20.Bxf7 g6 21.Ne6 Ra7 22.Nxc5 Rxf7
23.Ne6 Nd7 24.O-O Rf5 25.Rc1+ Nc5 26.Rcb1 Kd7 27.Rb8 Ke7 28.Nxc5  1-0

[Event "2nd Bundesliga Sud 2016-17"]
[Site "Germany GER"]
[Date "2016.12.04"]
[Round "3.1"]
[White "Mamedyarov,S"]
[Black "Ivanisevic,I"]
[Result "1-0"]
[WhiteElo "2762"]
[BlackElo "2641"]

1.d4 d5 2.c4 e6 3.Nc3 Nf6 4.Bg5 Nbd7 5.cxd5 exd5 6.e3 c6 7.Bd3 Be7 8.Nge2 h6
9.Bh4 Nh5 10.Bxe7 Qxe7 11.g4 Nhf6 12.h3 Nb6 13.Ng3 Bd7 14.Qb3 O-O-O 15.a4 h5
16.a5 Nc4 17.g5 Ne8 18.Bxc4 dxc4 19.Qxc4 Qxg5 20.Nge2 Qe7 21.b4 Rh6 22.Qc5 Re6
23.Qxa7 Rxe3 24.a6 Bf5 25.Qb6 Kd7 26.axb7 Nc7 27.b5 cxb5 28.Ra8 Rxa8 29.bxa8=Q Nxa8
30.Qb7+ Ke6 31.Qc6+ Qd6 32.Qc8+ Qd7 33.Qxa8 Qxd4 34.Qc6+ Ke7 35.O-O  1-0

[Event "World Rapid 2016"]
[Site "Doha QAT"]
[Date "2016.12.26"]
[Round "1.5"]
[White "Mamedyarov,S"]
[Black "Lu Shanglei"]
[Result "1-0"]
[WhiteElo "2768"]
[BlackElo "2627"]

1.d4 f5 2.c4 Nf6 3.Nc3 g6 4.h4 Bg7 5.h5 e6 6.hxg6 hxg6 7.Rxh8+ Bxh8 8.Nh3 Qe7
9.Bg5 Qf7 10.g3 d5 11.Bg2 c6 12.Qb3 Nbd7 13.O-O-O Nb6 14.c5 Nbd7 15.Rh1 b6
16.Bf4 Nh5 17.Ng5 Qg8 18.e4 Bxd4 19.Qa4 e5 20.Qxc6 Rb8 21.Nxd5 Bb7 22.Nc7+ Kd8
23.Nge6+ Kc8 24.Nb5+  1-0

[Event "World Rapid 2016"]
[Site "Doha QAT"]
[Date "2016.12.26"]
[Round "2.2"]
[White "Fressinet,L"]
[Black "Mamedyarov,S"]
[Result "1-0"]
[WhiteElo "2672"]
[BlackElo "2768"]

1.d4 d5 2.c4 c6 3.Nc3 Nf6 4.e3 e6 5.Nf3 Nbd7 6.Qc2 b6 7.b3 Bb7 8.Be2 Bd6
9.O-O O-O 10.Bb2 Qe7 11.Rad1 Rac8 12.e4 Nxe4 13.Nxe4 dxe4 14.Qxe4 f5 15.Qc2 c5
16.Rfe1 Nf6 17.d5 Ne4 18.Bf1 Rce8 19.g3 Qf7 20.Bg2 exd5 21.cxd5 Bxd5 22.Ng5 Nxg5
23.Rxe8 Qxe8 24.Bxd5+ Kh8 25.Qc3 Qg6 26.h4 Nf7 27.h5 Qg4 28.Re1 f4 29.Bxf7 Rxf7
30.h6 Qd7 31.Qf3 Kg8 32.hxg7 Qd8 33.Qd5 fxg3 34.fxg3 c4 35.Qxd6  1-0

[Event "World Rapid 2016"]
[Site "Doha QAT"]
[Date "2016.12.26"]
[Round "4.12"]
[White "Howell,D"]
[Black "Mamedyarov,S"]
[Result "0-1"]
[WhiteElo "2644"]
[BlackElo "2768"]

1.e4 c6 2.Nf3 d5 3.Nc3 Bg4 4.h3 Bxf3 5.Qxf3 e6 6.g3 g6 7.Bg2 Bg7 8.O-O Ne7
9.d3 O-O 10.Bg5 Nd7 11.Rae1 d4 12.Nb1 h6 13.Bc1 c5 14.Qe2 Rc8 15.h4 h5 16.Nd2 b5
17.Bh3 c4 18.Nf3 Qa5 19.a3 Qa4 20.Bg5 Nc6 21.Rc1 c3 22.bxc3 dxc3 23.Ra1 Nde5
24.Rfc1 Nxf3+ 25.Qxf3 Kh7 26.Be3 a6 27.Kh2 f5 28.exf5 exf5 29.Qf4 Qxf4 30.gxf4 Rfe8
31.Kg3 Re6 32.Bg2 Nd4 33.Bxd4 Bxd4 34.Re1 Rce8 35.Rxe6 Rxe6 36.Bf3 Bc5 37.a4 b4
38.Rb1 a5 39.Kg2 Kg7 40.Kg3 Bd4 41.Kg2 Kf8 42.Kg3 Ke7 43.Kg2 Kd6 44.Kg3 Kc5
45.Kg2 Rb6 46.Rb3 Rd6 47.Rb1 Re6 48.Kg3 Bf6 49.Kh3 Kd4 50.Kg3 Bd8 51.Kg2 Bc7
52.Kg3 Bd6 53.Rc1 b3 54.cxb3 Ba3  0-1

[Event "World Rapid 2016"]
[Site "Doha QAT"]
[Date "2016.12.27"]
[Round "6.3"]
[White "Li Chao2"]
[Black "Mamedyarov,S"]
[Result "1/2-1/2"]
[WhiteElo "2720"]
[BlackElo "2768"]

1.d4 d5 2.c4 e6 3.Nf3 Nf6 4.g3 Bb4+ 5.Nbd2 dxc4 6.Qc2 b5 7.a4 c6 8.Bg2 Bb7
9.O-O Nbd7 10.b3 c3 11.Nb1 bxa4 12.bxa4 c5 13.Nxc3 cxd4 14.Nb5 O-O 15.Qb2 Qa5
16.Nfxd4 Bxg2 17.Kxg2 Rfc8 18.Rb1 Rc4 19.Nc6 Qxa4 20.Nxb4 Qxb5 21.Nd3 Qc6+
22.Kg1 Rc2 23.Qb7 Qxb7 24.Rxb7 Rxe2 25.Be3 a6 26.Rc1 h6 27.g4 g5 28.Rcc7 a5
29.Kf1 Ra2 30.h4 Ra3 31.hxg5 hxg5 32.Ke2 Ra2+ 33.Kf1 Ra3 34.Ke2 Ra2+ 35.Kf1 Ra1+
36.Ke2 Ra2+  1/2-1/2

[Event "World Rapid 2016"]
[Site "Doha QAT"]
[Date "2016.12.27"]
[Round "7.4"]
[White "Mamedyarov,S"]
[Black "Melkumyan,H"]
[Result "1-0"]
[WhiteElo "2768"]
[BlackElo "2633"]

1.d4 Nf6 2.c4 g6 3.Nc3 d5 4.cxd5 Nxd5 5.Nf3 Bg7 6.Bg5 c5 7.Nxd5 Qxd5 8.Rc1 Qxa2
9.Rxc5 Na6 10.Rc1 Qxb2 11.e4 O-O 12.Bc4 Bg4 13.O-O e6 14.d5 Nc5 15.Be7 Nxe4
16.Bxf8 Rxf8 17.dxe6 fxe6 18.Qd7 Bxf3 19.gxf3 Nd2 20.Qxe6+ Kh8 21.Bd5 Qb6
22.Qxb6 axb6 23.Rfd1 Nxf3+ 24.Bxf3 Rxf3 25.Rc7 Bf8 26.Kg2 Rf6 27.Rdd7 h5
28.Rxb7 Kg8 29.Rd8 Kh8 30.Rdb8 Kg8 31.Rxb6 Rxb6 32.Rxb6 Kf7 33.Kf3 Bc5 34.Rc6 Bd4
35.Rc2 Be5 36.h3 Bf6 37.Ke4 Ke6 38.Rc6+ Kf7 39.Kd5 Ba1 40.Ke4 Bb2 41.f4 Bf6
42.f5 Kg7 43.Rc2 Kh6 44.Kd5 gxf5 45.Ke6 Bh4 46.Kxf5 Bg3 47.Rc6+ Kh7 48.Kg5 h4
49.Rb6 Kg7 50.Rb7+ Kf8 51.Kf6 Ke8 52.Ke6 Kd8 53.Rd7+ Kc8 54.Rd4 Kc7 55.Rc4+ Kb6
56.Kd5 Kb7 57.Rc6 Bh2 58.Kc5 Bg3 59.Kb5 Bh2 60.Rh6 Bg3 61.Rh7+ Kc8 62.Kc6 Kd8
63.Kd5 Ke8 64.Ke6 Kd8 65.Rd7+ Kc8 66.Ke7 Bf2 67.Kd6 Be1 68.Kc6 Bg3 69.Rd4 Kb8
70.Rd8+ Ka7 71.Rf8 Bh2 72.Rf7+ Kb8 73.Rb7+ Ka8 74.Kb6 Be5 75.Ka6 Bg3 76.Rb4 Bf2
77.Rf4 Bg3 78.Rf8+ Bb8 79.Rf7 Be5 80.Kb6 Bd4+ 81.Kc7 Be5+ 82.Kc8 Bg3 83.Rg7 Be1
84.Rg1 Bf2 85.Rg2 Ba7 86.Rg4 Bf2 87.Ra4+  1-0

[Event "World Rapid 2016"]
[Site "Doha QAT"]
[Date "2016.12.27"]
[Round "8.2"]
[White "Aronian,L"]
[Black "Mamedyarov,S"]
[Result "0-1"]
[WhiteElo "2785"]
[BlackElo "2768"]

1.Nf3 Nf6 2.c4 c6 3.g3 d5 4.Bg2 g6 5.b3 Bg7 6.Bb2 O-O 7.O-O Re8 8.d4 Ne4
9.Nbd2 Bf5 10.Nh4 Nxd2 11.Qxd2 Be6 12.Rac1 a5 13.e4 a4 14.Rfe1 axb3 15.axb3 Ra2
16.exd5 cxd5 17.Rxe6 fxe6 18.Bh3 Qb6 19.Re1 e5 20.cxd5 Qxd4 21.Bxd4 Rxd2
22.Be3 Rd3 23.Be6+ Kh8 24.Nf3 Na6 25.Rc1 Nb4 26.Rc5 b6 27.Ng5 h6 28.Nf7+ Kh7
29.Rb5 Nc2 30.Bxb6 Rb8 31.Bd7 e4 32.Bd8 Rxb5 33.Bxb5 Kg8 34.d6 exd6  0-1

[Event "World Rapid 2016"]
[Site "Doha QAT"]
[Date "2016.12.27"]
[Round "9.2"]
[White "Mamedyarov,S"]
[Black "Korobov,A"]
[Result "1-0"]
[WhiteElo "2768"]
[BlackElo "2692"]

1.d4 Nf6 2.c4 e6 3.Nf3 b6 4.a3 Bb7 5.Nc3 d5 6.Bg5 Be7 7.Qa4+ c6 8.cxd5 exd5
9.g3 O-O 10.Bg2 Nbd7 11.O-O Ne4 12.Bf4 g5 13.Be3 f5 14.Qc2 Bf6 15.b4 Qe7
16.Rac1 a5 17.Qb3 axb4 18.axb4 Kh8 19.Nxe4 fxe4 20.Ne5 Nxe5 21.dxe5 Bxe5
22.Bxb6 Qf6 23.f3 exf3 24.Rxf3 Qg7 25.Kh1 Rxf3 26.Qxf3 Ra1 27.Rxa1 Bxa1 28.Qf5 Bf6
29.Bf3 Qg6 30.Qe6 Kg7 31.Bc5 Qf7 32.Qd6 Qe8 33.Qc7+ Qf7 34.Qb8 Ba6 35.Bh5 Qg8
36.Qc7+ Kh6 37.Qxc6 Kxh5 38.Qxa6 Qf7 39.Qd3 Be5 40.Kg2 Kh6 41.b5 Kg7 42.b6 Qd7
43.Bd4 Bxd4 44.Qxd4+ Kg6 45.Qb4 Qe6 46.Kf2 Qh3 47.Qd6+ Kh5 48.Qxd5  1-0

[Event "World Rapid 2016"]
[Site "Doha QAT"]
[Date "2016.12.28"]
[Round "11.3"]
[White "Anand,V"]
[Black "Mamedyarov,S"]
[Result "1/2-1/2"]
[WhiteElo "2779"]
[BlackElo "2768"]

1.e4 c6 2.d4 d5 3.e5 Bf5 4.Nf3 e6 5.Be2 c5 6.Be3 cxd4 7.Nxd4 Ne7 8.O-O Nbc6
9.Bb5 a6 10.Bxc6+ Nxc6 11.Nxf5 exf5 12.c3 Be7 13.Nd2 Nxe5 14.Bd4 f6 15.Re1 Nc6
16.Nf3 Qd7 17.Bb6 O-O 18.c4 Bd8 19.Bc5 Be7 20.Bb6  1/2-1/2

[Event "World Rapid 2016"]
[Site "Doha QAT"]
[Date "2016.12.28"]
[Round "12.2"]
[White "Mamedyarov,S"]
[Black "Nepomniachtchi,I"]
[Result "1/2-1/2"]
[WhiteElo "2768"]
[BlackElo "2767"]

1.d4 Nf6 2.Nf3 g6 3.g3 Bg7 4.Bg2 d5 5.O-O O-O 6.c3 c6 7.Bf4 Bf5 8.Nbd2 Nbd7
9.Nh4 Be6 10.Nhf3 Bf5 11.Re1 Qb6 12.Qb3 Ne4 13.Nh4 Nxd2 14.Bxd2 Be6 15.Nf3 Bf5
16.Nh4 Be6 17.Nf3 Bf5  1/2-1/2

[Event "World Rapid 2016"]
[Site "Doha QAT"]
[Date "2016.12.28"]
[Round "13.4"]
[White "Mamedyarov,S"]
[Black "Jakovenko,D"]
[Result "1-0"]
[WhiteElo "2768"]
[BlackElo "2704"]

1.d4 Nf6 2.c4 e6 3.Nf3 d5 4.Nc3 Be7 5.Bf4 O-O 6.e3 Nbd7 7.cxd5 Nxd5 8.Nxd5 exd5
9.Bd3 c6 10.Qc2 Nf6 11.O-O Bd6 12.Ne5 g6 13.Bg5 Be7 14.h3 Kg7 15.f4 Ng8 16.Bxe7 Nxe7
17.g4 Qd6 18.Kg2 f6 19.Nf3 Bd7 20.Qc5 Nc8 21.Rae1 b6 22.Qc2 Ne7 23.Qf2 c5
24.Qg3 Rae8 25.h4 cxd4 26.exd4 Nc6 27.h5 Rxe1 28.Rxe1 Re8 29.Rh1 g5 30.fxg5 Qxg3+
31.Kxg3 Re3 32.gxf6+ Kxf6 33.Bxh7 Nxd4 34.Rf1 Bb5 35.Kf4 Re8 36.Nxd4 Bxf1
37.g5+ Kg7 38.Bf5 Bg2 39.Ne6+ Kg8 40.g6 Be4 41.h6 Bxf5 42.Kxf5 d4 43.Kf6  1-0

[Event "World Rapid 2016"]
[Site "Doha QAT"]
[Date "2016.12.28"]
[Round "14.2"]
[White "Dominguez Perez,L"]
[Black "Mamedyarov,S"]
[Result "1/2-1/2"]
[WhiteElo "2739"]
[BlackElo "2768"]

1.e4 c6 2.d4 d5 3.e5 Bf5 4.Nf3 e6 5.Be2 c5 6.O-O Nc6 7.c3 Bg6 8.a3 cxd4 9.cxd4 Nge7
10.b4 Nc8 11.Bg5 Be7 12.Bxe7 Qxe7 13.Nbd2 Nb6 14.Rc1 O-O 15.Qb3 a5 16.bxa5 Nc4
17.Nxc4 dxc4 18.Qxc4 Rxa5 19.a4  1/2-1/2

[Event "World Blitz 2016"]
[Site "Doha QAT"]
[Date "2016.12.29"]
[Round "1.7"]
[White "Mamedyarov,S"]
[Black "Anton Guijarro,D"]
[Result "1/2-1/2"]
[WhiteElo "2768"]
[BlackElo "2650"]

1.Nf3 Nf6 2.d4 e6 3.c4 b6 4.a3 Bb7 5.Nc3 d5 6.Bg5 Be7 7.Qa4+ c6 8.cxd5 exd5
9.g3 O-O 10.Bg2 Na6 11.Ne5 b5 12.Qc2 Nc7 13.e3 Ne6 14.Bxf6 Bxf6 15.Nd3 a5
16.O-O Re8 17.b4 Be7 18.h4 Bd6 19.Ne2 Qe7 20.Qb3 g6 21.Rfb1 Reb8 22.Qc3 axb4
23.axb4 Qc7 24.Nec1 Bc8 25.Nb3 Bd7 26.Rxa8 Rxa8 27.Ra1 Qb8 28.Na5 Ra6 29.Rc1 Qa8
30.Ne5 Bxe5 31.dxe5 c5 32.Qd2 cxb4 33.Bxd5 Qb8 34.Bxe6 Bxe6 35.Nc6 Qa8 36.Nxb4 Ra1
37.Rxa1 Qxa1+ 38.Kg2 h5 39.f4 Qa8+ 40.Kf2 Qh1 41.Nd3 Qh2+ 42.Ke1 Qxg3+ 43.Qf2 Qh3
44.Kd2 Bf5 45.Nb4 Qh1 46.Nc2 Qb1 47.Nd4 Bg4 48.Kc3 b4+ 49.Kc4 Qc1+ 50.Kxb4 Qc8
51.Qc2 Qb8+ 52.Kc3 Qd8 53.Qf2 Qa5+ 54.Kc4 Qa6+ 55.Kb4 Qb6+ 56.Kc3 Qa5+ 57.Kd3 Qa6+
58.Kc3 Qa3+ 59.Kc4 Qa6+ 60.Kb3 Qb6+ 61.Kc3 Qa5+ 62.Kb2 Qb4+ 63.Kc2 Qa3 64.Qd2 Qa2+
65.Kc3 Qa5+ 66.Kd3 Qa6+ 67.Kc2 Qa2+ 68.Kc3 Qa5+ 69.Kd3 Qa6+ 70.Kc3 Qa5+  1/2-1/2

[Event "World Blitz 2016"]
[Site "Doha QAT"]
[Date "2016.12.29"]
[Round "2.25"]
[White "Ghaem Maghami,E"]
[Black "Mamedyarov,S"]
[Result "0-1"]
[WhiteElo "2574"]
[BlackElo "2768"]

1.e4 c6 2.d4 d5 3.e5 Bf5 4.Nf3 e6 5.Be2 Nd7 6.O-O Bb4 7.Nbd2 Ba5 8.c3 h6
9.Re1 Ne7 10.Nf1 Bc7 11.Ng3 Bg6 12.Bd3 c5 13.Bxg6 fxg6 14.dxc5 Nc6 15.Nh4 Qxh4  0-1

[Event "World Blitz 2016"]
[Site "Doha QAT"]
[Date "2016.12.29"]
[Round "4.11"]
[White "Salem,AR"]
[Black "Mamedyarov,S"]
[Result "1-0"]
[WhiteElo "2656"]
[BlackElo "2768"]

1.d4 d5 2.c4 c6 3.Nf3 Nf6 4.Nc3 e6 5.Bg5 Nbd7 6.e3 Be7 7.Qc2 a6 8.Rd1 O-O
9.Bd3 h6 10.Bh4 dxc4 11.Bxc4 b5 12.Be2 Bb7 13.O-O Rc8 14.Ne5 Nxe5 15.dxe5 Nd7
16.Bxe7 Qxe7 17.f4 c5 18.Rd6 c4 19.Ne4 f5 20.exf6 Nxf6 21.Nxf6+ Qxf6 22.Bg4 Rfe8
23.Rfd1 c3 24.bxc3 Rxc3 25.Qd2 Rc6 26.h3 Kh8 27.Rxc6 Bxc6 28.Qd6 Qc3 29.Kh2 Bd5
30.Qd7 Qc6 31.Qxc6 Bxc6 32.Rd6 Bd5 33.Rxa6 b4 34.Rb6 Ra8 35.Rxb4 h5 36.Bxh5 Rxa2
37.e4 Bc6 38.Bg6 Ra8 39.Rb6 Rc8 40.g4 Kg8 41.Kg3 Kf8 42.e5 Bd5 43.Kh4 Rc3
44.f5 exf5 45.gxf5 Re3 46.e6 Bg2 47.Ra6 Ke7 48.Ra4 Kf6 49.Kg4 Bxh3+ 50.Kf4 Re1
51.Ra3 Bg2 52.Ra7 Rf1+ 53.Kg3 Bc6 54.Rf7+ Kg5 55.Rxg7 Rf3+  1-0